Le Canada pour les touristes... - Facile - Statistiques

Statistiques générales
  • Ce quiz a été pris 33 fois
  • Le résultat moyen est 13 sur 20
Statistiques - réponses
Question Indice Réponses Indice facile % Correct
Quelles sont les langues officielles ? Anglais
100%
Quelles sont les langues officielles ? Français
100%
Combien d'heures (environ) mettrez-vous pour vous y rendre ? (en chiffres) 8
83%
La conduite se fait à droite ou à gauche ? Droite
83%
Achats à faire 2/ Sirop d' Erable BLAREE
83%
Dans la capitale quel est le décalage horaire avec Paris ? (+ ou - et chiffre) ex - 10 - 6
79%
Le suffixe internet est ca
76%
Quelles sont les principaux lieux touristiques ? N Chutes du {Niagara} AGRAINA
76%
Comment se nomme la principale compagnie aérienne locale A C Air Canada ACANARDAI
72%
Avez-vous besoin d'un visa ? (oui/non) Oui
72%
Quelles sont les principaux lieux touristiques ? Y Parc national {Yoho} HOYO
72%
Quelles sont les principaux lieux touristiques ? Q Québec BECQUE
72%
Le principal aéroport est T Toronto
69%
La vitesse est limitée hors des villes à {110} km/h
66%
Quelle est la monnaie ? Dollar canadien $
66%
Achats à faire 1/ Cidre de Glace CLAGE
62%
La religion majoritaire est Catholicisme C
28%
Quels sont les climats locaux ? C, S & O {Continental}, {Subarctique} & {Océanique}
3%
4/ Instrument de musique C E B Cuillère en bois BERECUEILLIONS
3%
Achats à faire 3/ Liqueur Minaki KIAMIN
3%
Aucun quiz correspondant
Distribution des résultats
% des personnes avec chaque résultat
Percentile par nombre de réponses
Votre historique - résultats
Vous n’avez pas pris ce quiz